| 000 | 01445cam a2200421 i 4500 | ||
|---|---|---|---|
| 001 | 503 | ||
| 003 | KOSZ 005 | ||
| 005 | 20210112131428.0 | ||
| 008 | 000811s1976 pl a f f |001 0 pol | ||
| 015 | _aPB 1979/5506 | ||
| 020 | _a8320401011 | ||
| 040 |
_aWA N _cKOSZ 005/HR _dKOSZ 005/HR |
||
| 080 | _a621.382 | ||
| 080 | _a(075.8) | ||
| 100 | 1 |
_aŚwit, Alfred _d(1928-1999) _eAutor |
|
| 245 | 1 | 0 |
_aPrzyrządy półprzewodnikowe / _cAlfred Swit [i.e. Świt], Jerzy Pułtorak. |
| 250 | _aWyd. 3 zm. | ||
| 260 |
_aWarszawa : _bWydawnictwa Naukowo-Techniczne, _c1976. |
||
| 300 |
_a433, [3] s. : _bil., tab., wykr. ; _c25 cm. |
||
| 336 |
_2rdacontent _aTekst _btxt |
||
| 337 |
_2rdamedia _aBez urządzenia pośedniczącego _bn |
||
| 338 |
_2rdacarrier _aWolumin _bnc |
||
| 380 | _aKsiążki | ||
| 380 | _aPublikacje dydaktyczne | ||
| 385 |
_mPoziom nauczania _aSzkoły wyższe |
||
| 388 | _a1901-2000 | ||
| 388 | _a1945-1989 | ||
| 490 | 1 | _aPodręcznik Akademicki. Elektronika. | |
| 504 | _aBibliogr. s. 417-427. - Indeks. | ||
| 650 | 4 | _aPółprzewodniki | |
| 650 | 4 | _aUrządzenia | |
| 655 | 4 | _aPodręczniki akademickie | |
| 658 | _aInżynieria i technika | ||
| 700 | 1 |
_aPułtorak, Jerzy _d(1932- ) _eAutor |
|
| 710 | 2 |
_aWydawnictwa Naukowo-Techniczne _4pbl. |
|
| 856 |
_uhttp://koha.tu.koszalin.pl/cgi-bin/koha/opac-detail.pl?biblionumber=503 _yKatalog online BPK |
||
| 942 |
_2UKD _cKS |
||
| 999 |
_c503 _d503 |
||